| 000 | 00394nam a22001577a 4500 | ||
|---|---|---|---|
| 999 |
_c145372 _d145372 |
||
| 020 | _a9789387187238 | ||
| 082 |
_aH4 _bSUD/S |
||
| 100 | _aSudhir Vidyarthi | ||
| 245 |
_aSamay ke talghar me shabd/ _cby Sudhir Vidyarthi |
||
| 260 |
_aDelhi: _bNayi Kithab Prakashan, _c2018. |
||
| 300 | _a168p. | ||
| 650 | _aEssays Hindi | ||
| 650 | _aLiterature Hindi | ||
| 650 | _aLiterature | ||
| 942 | _cBK | ||